اكتمل التصدير — 

AlMuntaqa

محفوظ في:

التنسيق: دورية

اللغة: Undetermined

منشور في: JSTOR
Arab Center for Research & Policy Studies

الموضوعات:

الوصول للمادة أونلاين: Login to view Source

الوسوم: إضافة وسم

لا توجد وسوم, كن أول من يضع وسما على هذه التسجيلة!

رقم الطلب:

LEADER 00485nas a2200157Ia 4500
008 220214c99999999xx |||||||||||| ||und||
022 |a 2616-8073 
245 0 0 |a AlMuntaqa 
264 1 |b JSTOR 
264 1 |b Arab Center for Research & Policy Studies 
362 0 |a Vol. 1(2018)-4 (2021) 
653 1 0 |a Middle East Studies 
856 4 0 |u https://www.jstor.org/journal/almuntaqa 
942 |c JL 
952 |0 0  |1 0  |4 0  |7 1  |9 33724  |a JSR  |b JSR  |d 2022-02-14  |l 0  |r 2022-02-14 00:00:00  |w 2022-02-14  |y JL 
999 |c 42058  |d 42058